| 000 | 00559nam a2200193Ia 4500 | ||
|---|---|---|---|
| 005 | 20250923145108.0 | ||
| 008 | 008 250917s9999 xx 000 0 eng d | ||
| 037 | _aTextual | ||
| 040 |
_aDSWL _beng _cDSWL |
||
| 041 |
_aeng _2eng |
||
| 084 | _qDSWL | ||
| 245 | 0 |
_aReport the commissioner for scheduled castes & scheduled tribes for the year 1965-66 _cby Manager's Publication |
|
| 260 |
_aDelhi _bManager's Publication _c1967 |
||
| 300 | _a129 p. | ||
| 365 |
_aINR _b3 |
||
| 925 | _g3 | ||
| 942 | _cTEXL | ||
| 999 |
_c1447029 _d1447029 |
||